000 00414nam a22001697a 4500
005 20221215134034.0
008 221215b |||||||| |||| 00| 0 eng d
020 _a978-93-5299-088-7
041 _aeng
082 _a658.3-ASW -O
100 _aASWATHAPPA , K
245 _aORGANISATIONAL BEHAVIOUR
250 _a13th ed.
260 _aMUMBAI
_bHIMALAYA PUBLISING HOUSE
_c2022
300 _a786;P.
942 _cBK
999 _c8043
_d8041